| 000 | 00312 a2200121 4500 | ||
|---|---|---|---|
| 040 |
_aDLC _bDLC |
||
| 100 | _aJamil Malik | ||
| 245 |
_aZakham e hunar _cJamil Malik _h[Urdu] |
||
| 260 |
_aRawalpindi : _bNaveed Publishers, _c1999. |
||
| 300 |
_a256 p. _c24 cm. |
||
| 650 | _aUrdu--Poetry | ||
| 942 |
_cBK _k891.4391 JAM _2ddc |
||
| 999 |
_c10296 _d10296 |
||